000 00479nam a2200169Ia 4500
008 180910s9999 xx 000 0 und d
100 _aNational Georaphic Society.
245 _aNational Geographic /
245 _cNational Georaphic Society.
260 _bWashington D.C.
260 _c1990
300 _apages 2-132, March 2009
440 _aNational Geographic
_v177:3
650 _aCuriosities and wonders.
650 _aNational geographic.
650 _aPeriodicals.
999 _c358758
_d358758